000 01336ncm a2200337 c 4500
003 BLK
005 20250312095704.0
008 180414b bul |a|er|||| |0| c|bulo|
010 _aNOT00000342000
040 _aBLK
041 _aRUS
_cRUS
080 _aОпера. Музикална драма. Романтична опера. Опера-приказка
_b782.1
_x
_z782.1
100 _aГершуин, Джордж
_d1898-1937
_gАмерикански композитор и пианист
_9279433
700 1 _aДюбозе, Хайуърд
_eлибрето
_966134
700 1 _aГершуин, Айра
_eлибрето
_9361641
139 _aГершуин, Джордж
_bГ 41
245 1 0 _aПорги и Бесс
_bОпера в 3 д.
_cДжордж Гершуин; либрето Хайуърд Дюбозе; либрето Айра Гершуин.
246 1 1 _aPorgy and Bess
_bOpera in 3 Актс
254 _aКлавир
257 _aRUS
260 Москва
_bМузыка 2140
_c1965
300 _a519 с.
_c30 см
380 _a7
500 _aТекст на англ. и рус. ез.
852 _aЦб М ІІ 3494
_p0
856 4 _qpdf
_u
856 4 _qpdf
_u
942 _cNOT
_n0
944 _aCR
_c15.12.2003
_k30560
_lГеновева Генчева
944 _aED
_c23.11.2004
_k
999 _c296992
_d296992